00502nam a2200157Ia 450000500170000000800410001708200130005810000210007124500420009226000400013430000200017450000340019494200060022895200950023499900150032920250429093917.0240331s9999 xx 000 0 und d bVENa294 aVengadasami, M.S 0aBuddharin varalaru :bstory of Buddha aChennaibSanthiya Pathippagamc2001 a144 p ., ( B 2) aButharin Varalaaru patriyathu cL 001040708LaWERCLbWERCLcSSCd2024-03-31l0o 294 VENp1970r2024-03-31w2024-03-31yL c1370d1370